000 00583nam a2200229Ia 4500
003 OSt
005 20220928123915.0
006 a|||||r|||| 00| 0
007 ta
008 220927b |||||||| |||| 00| 0 eng d
024 _a50002
037 _cTextual
040 _aSDCL
_cSDCL
_beng
041 _2eng
_aeng
082 _aV4'N7, L1
100 _aSingh Patwant
_9405011
245 0 _aStruggle for power in Asia
260 _aLondon
_bHutchinson
_c1971
300 _axv,208p
_ccm.
942 _hV4'N7, L1
_cTEXL
_2CC
999 _c775124
_d775124